000 00569cam a2200205ua 4500
001 9600
005 20260515114508.0
008 160302n ii |||gr||||Z||||||eng
020 _a9788189930431
040 _cMAIN
041 _aeng
082 _a820
100 _aDaiches, David,
_eAuthor.
245 1 0 _aCritical history of English literature :
_bfrom the beginnings to Milton /
_cby David Daiches .
250 _a1st Ind ed. /
_bV 1.
260 _aNew Delhi:
_bSupernova,
_c2014.
300 _a534p.
653 _aEnglish & Old English literatures
942 _cBK
999 _c8622
_d8622